Committee's report and balance sheet for the years1901-1906 (Record no. 99748)

MARC details
000 -LEADER
fixed length control field 00709cam a22001935a 4500
001 - CONTROL NUMBER
control field ##J100674
008 - FIXED-LENGTH DATA ELEMENTS--GENERAL INFORMATION
fixed length control field 000000s1906 000 0 eng u
035 ## - SYSTEM CONTROL NUMBER
System control number (Sirsi) u100674
041 0# - LANGUAGE CODE
Language code of text/sound track or separate title eng
050 04 - LIBRARY OF CONGRESS CALL NUMBER
Classification number 333.0062 $2 18
110 2# - MAIN ENTRY--CORPORATE NAME
Corporate name or jurisdiction name as entry element Surveyors' Institution
Subordinate unit Incorporated Benevolent Fund
9 (RLIN) 4853
245 00 - TITLE STATEMENT
Title Committee's report and balance sheet for the years1901-1906
260 ## - PUBLICATION, DISTRIBUTION, ETC.
Place of publication, distribution, etc. [S.l.]
Name of publisher, distributor, etc. [s.n.]
Date of publication, distribution, etc. 1906
300 ## - PHYSICAL DESCRIPTION
Extent 5
Type of unit v.
Dimensions 10cm.
520 ## - SUMMARY, ETC.
Summary, etc. Contains a report of the institution proceedings, financial statements and a list of contributors.
651 #4 - SUBJECT ADDED ENTRY--GEOGRAPHIC NAME
Geographic name Great Britain
Chronological subdivision 1707-
690 ## - LOCAL SUBJECT ADDED ENTRY--TOPICAL TERM (OCLC, RLIN)
Topical term or geographic name as entry element ABOUT RICS-RICS STRUCTURE AND GOVERNANCE-RICS CORPORATE MANAGEMENT-RICS FINANCIAL MANAGEMENT
942 ## - ADDED ENTRY ELEMENTS (KOHA)
Suppress in OPAC 0
Holdings
Withdrawn status Lost status Source of classification or shelving scheme Damaged status Not for loan Home library Current library Shelving location Date acquired Total Checkouts Full call number Barcode Date last seen Copy number Price effective from Koha item type
    Dewey Decimal Classification     Historic collection Historic collection RICS Boxes 21/10/1999   RICS 1906/1 30059298 06/08/2019 1 06/08/2019 Archive